Cyclisme : Top 20 du Tour de France 2025 - Statistiques

Statistiques générales
  • Ce quiz a été pris 2 124 fois
  • Le résultat moyen est 13 sur 20
Statistiques - réponses
Position Equipe Coureur % Correct
1er UAE Team Emirates Tadej Pogacar
100%
2eme Visma Lease a Bike Jonas Vingegaard
99%
7eme Arkea B&B Hôtels Kevin Vauquelin
90%
8eme Red Bull Bora Hansgrohe Primoz Roglic
88%
3eme Red Bull Bora Hansgrohe Florian Lipowitz
85%
5eme Décathlon AG2R la Mondiale Félix Gall
83%
4eme Team PicNic PostNL Oscar Onley
81%
9eme EF Education Easypost Ben Healy
71%
10eme TotalEnergies Jordan Jegat
69%
15eme Visma Lease a Bike Simon Yates
68%
11eme Jayco AlUla Ben O’Connor
67%
6eme Uno-X Mobility Tobias Halland Johannessen
63%
19eme Visma Lease a Bike Matteo Jorgenson
59%
17eme Visma Lease a Bike Sepp Kuss
57%
16eme Groupama FDJ Guillaume Martin
53%
20eme Arkea B&B Hotels Cristian Rodriguez
51%
12eme Ineos Grenadiers Thymen Arensman
45%
13eme UAE Team Emirates Jhonatan Narvaez
38%
14eme XDS Astana Sergio Higuita
16%
18eme Movistar Team Gregor Muhlberger
6%
Aucun quiz correspondant
Distribution des résultats
% des personnes avec chaque résultat
Percentile par nombre de réponses
Votre historique - résultats
Vous n’avez pas pris ce quiz